000 00335nam a22001337a 4500
008 181205b xxu||||| |||| 00| 0 eng d
020 _a9780890420256
041 _aeng
080 _24 th
_a610
100 _a.3
101 _aSHM
245 _aDiagnostic And Statistical Manual Of Mental Disorders
_cRobert,A
942 _2udc
_cBK
999 _c52850
_d52850